00482nam a2200193 a 4500001001300000003000900013005001700022008004100039020001000080082001700090100002300107245002100130260004400151300000900195500003500204505000800239650001800247700002300265nice12345678IN_TiNIC20260116011530.0050524s0000 deva grp 000 0 urd  ac10000a297.446bALI aAli, Ashraf Thanwi aIslah-Ul-Rasoom. aDevbandbRashid Co. Qur`an Manzilc0000 a176p aincludes index and biblioraphy2 aIll aIslam-Rituals1 aAli, Ashraf Thanwi